<The> History of Money

Salvato in:
Dettagli Bibliografici
Autore principale: Weatherford, Jack
Natura: Libro
Lingua:inglese
Pubblicazione: New York Three Rivers Press 1997
Soggetti:
Tags: Aggiungi Tag
Nessun Tag, puoi essere il primo ad aggiungerne!!

MARC

LEADER 00000nam a2200000 4500
001 0272730
005 20240111125353.4
020 |a 978-0-609-80172-7 
041 0 |a eng 
044 |a US 
245 1 0 |a <The> History of Money  |c Jack Weatherford 
264 1 |a New York  |b Three Rivers Press  |c 1997 
300 |a 288 s. 
610 2 0 |a peniaze 
610 2 0 |a história 
610 2 0 |a vývoj 
610 2 0 |a peniaze elektronické 
610 2 0 |a politika peňažná 
610 2 0 |a banky 
610 2 0 |a mena 
100 1 |a Weatherford, Jack